000
00315nam a2200121Ia 4500
008
150731s1995 xx 000 0 und d
082
_a
615.53
_b
S 95 V
100
_a
VASU,SRISA CHANDRA
245
_a
THE SIDDHANTA KAUMUDI OF BHATTOJI DIKSTA
260
_b
MOTILAL.PUB. DELHI
_c
1995
300
_a
1028
942
_2
ddc
_c
BK
999
_c
7925
_d
7925